00593nam a2200133Ia 4500008004100000020001400041040004400055100002000099245004100119260000900160300001500169600026000184999001500444180412s9999||||xx |||||||||||||| ||und|| a433205504 aAhmadu Bello University Library - Zaria aMCINNES, James. 0aRadiographic anatomycJames Mcinnes. c1974 a71p.: ill. aGamma rays.;Grenz rays.;Natural science;Radiology and Atomic Energy;Radiography, radioscopy, radiodiagnosis, skiagraphy, tomography.;Radiological anatomy;Roentgen rays (X-rays).;X-rays.;X-rays in diagnosis, and in biological research (the study of the dis c2002d2002